|
|
|
|
| LEADER |
00000nas a2200000 4500 |
| 001 |
ssj0041353 |
| 003 |
WaSeSS |
| 005 |
20200512172242.0 |
| 006 |
m d |
| 007 |
cr n |
| 008 |
770305c19759999enktr p s 0 0eng |
| 010 |
|
|
|a 76646915
|
| 015 |
|
|
|a GB7519248
|2 bnb
|
| 016 |
7 |
|
|a 010511829
|2 Uk
|
| 022 |
|
|
|l 0305-8018
|y 0305-8018
|
| 035 |
|
|
|a (WaSeSS)ssj0041353
|
| 040 |
|
|
|a DLC
|b eng
|c DLC
|d IUL
|d NST
|d IUL
|d GUA
|d UMC
|d OCLCQ
|d UKMGB
|d OCLCO
|d CUS
|d OCLCF
|d EYM
|d OCLCO
|d AU@
|d OCLCQ
|d WaSeSS
|
| 042 |
|
|
|a pcc
|
| 043 |
|
|
|a e-uk---
|
| 050 |
0 |
0 |
|a G76.5.G7
|b T42
|
| 082 |
0 |
4 |
|a 910/.7
|
| 245 |
0 |
0 |
|a Teaching geography
|h [electronic resource].
|
| 260 |
|
|
|a Sheffield, Eng. [etc]
|b Geographical Association
|
| 310 |
|
|
|a Three no. a year,
|b 2004-
|
| 321 |
|
|
|a Five no. a year,
|b 1975-
|
| 321 |
|
|
|a Quarterly,
|b <1991>-2003
|
| 362 |
0 |
|
|a v. 1- Apr. 1975-
|
| 506 |
|
|
|a License restrictions may limit access.
|
| 550 |
|
|
|a Issues for Apr. 1975- published for the Geographical Association.
|
| 650 |
|
0 |
|a Geography
|x Study and teaching
|z Great Britain
|v Periodicals.
|
| 650 |
|
0 |
|a Geography
|x Study and teaching
|v Periodicals.
|
| 650 |
|
7 |
|a Geography
|x Study and teaching.
|2 fast
|0 (OCoLC)fst00940526
|
| 651 |
|
7 |
|a Great Britain.
|2 fast
|0 (OCoLC)fst01204623
|
| 653 |
|
|
|a Schools
|a Curriculum subjects
|a Geography
|a Teaching
|a Great Britain
|a Periodicals
|
| 655 |
|
0 |
|a Electronic journals.
|
| 710 |
2 |
|
|a Geographical Association.
|
| 850 |
|
|
|a CaMWU
|a CaMWUC
|a CaOLU
|a InU
|
| 853 |
2 |
0 |
|8 1
|a v.
|b no.
|u 4
|v r
|i (year)
|j (month)
|w q
|x 01
|y pm01,04,07,10
|
| 853 |
2 |
0 |
|8 2
|a v.
|b no.
|u 3
|v r
|i (year)
|j (month)
|w t
|x 01
|y pm01,04,10
|
| 856 |
4 |
0 |
|z Full text available from Research Library: 04/01/2007 to present
|u https://search.proquest.com/publication/28686
|
| 863 |
4 |
1 |
|8 1.1
|a <16>
|b <1>
|i <1991>
|j <01>
|
| 863 |
4 |
1 |
|8 2.1
|a 29
|b 1
|i 2004
|j 01
|